Najludniejsze dzielnice krakowa - Statystyki

Ogólne statystyki
  • Ten quiz został rozwiązany 230 razy
  • Średni wynik to 11 z 18
Statystyki odpowiedzi
Ludność Dzielnica % Poprawnych
58952 Nowa Huta
94%
42671 Stare Miasto
86%
22428 Bronowice
75%
65797 Prądnik Biały
75%
48654 Prądnik Czerwony
74%
32168 Podgórze
69%
54308 Mistrzejowice
63%
35503 Krowodrza
61%
25775 Czyżyny
60%
53391 Dębniki
59%
14510 Łagiewniki
58%
44766 Bieńczyce
56%
30753 Grzegórzki
55%
20173 Zwierzyniec
54%
20343 Wzgórza Krzesławickie
52%
19075 Swoszowice
50%
52572 Podgórze Duchackie
44%
63569 Bieżanów Prokocim
43%
Nie znaleziono quizów pasujących do podanych kryteriów
Rozkład punktacji
Procent ludzi z każdym wynikiem
Percentyl według liczby udzielonych odpowiedzi
Twoja historia wyników
Nie rozwiązałeś tego quizu